Nautical Flags I - Statistics

General Stats
  • This quiz has been taken 176 times
  • The average score is 12 of 15
Answer Stats
Picture Answer % Correct
Zulu
94%
Lima
88%
Bravo
85%
Delta
82%
Alpha
81%
November
81%
Quebec
81%
Sierra
79%
Echo
78%
Papa
77%
Tango
77%
Hotel
76%
Victor
76%
Yankee
72%
Xray
71%
No matching quizzes found
Score Distribution
Percent of People with Each Score
Percentile by Number Answered
Your Score History
You have not taken this quiz